[Event "World Prestigious University 2019"]
[Site "Tianjin"]
[Date "2019.11.28"]
[Round "9.1"]
[White "Isakov, Michael"]
[Black "TannerAustin, McNamara"]
[Result "1-0"]
[WhiteElo "2162"]
[BlackElo "1983"]
[PlyCount "107"]
[EventDate "2019.11.26"]
[EventType "team-tourn"]
[EventCountry "CHN"]
[TimeControl "1500+10"]
[WhiteClock "0:01:07"]
[BlackClock "0:03:08"]

1. d4 {[%emt 0:00:00]} d5 {[%emt 0:00:00]} 2. Nf3 {[%emt 0:00:00]} Nf6 {[%emt 0:00:00]} 3. c4 {[%emt 0:00:00]} c6 {[%emt 0:00:00]} 4. Nc3 {[%emt 0:00:00]} dxc4 {[%emt 0:00:13]} 5. a4 {[%emt 0:00:07]} Bf5 {[%emt 0:00:03]} 6. e3 {[%emt 0:00:08]} e6 {[%emt 0:00:02]} 7. Bxc4 {[%emt 0:00:03]} Bb4 {[%emt 0:00:10]} 8. O-O {[%emt 0:00:35]} O-O {[%emt 0:00:57]} 9. Nh4 {[%emt 0:01:48]} Bg6 {[%emt 0:00:57]} 10. Nxg6 {[%emt 0:01:45]} hxg6 {[%emt 0:00:02]} 11. Ne2 {[%emt 0:02:39]} Nbd7 {[%emt 0:00:52]} 12. b3 {[%emt 0:03:05]} c5 {[%emt 0:02:41]} 13. Bb2 {[%emt 0:00:28]} cxd4 {[%emt 0:00:49]} 14. Nxd4 {[%emt 0:01:33]} Nb6 {[%emt 0:00:22]} 15. Rc1 {[%emt 0:01:40]} Nxc4 {[%emt 0:04:24]} 16. Rxc4 {[%emt 0:00:02]} a5 {[%emt 0:00:01]} 17. Qf3 {[%emt 0:02:25]} Qd5 {[%emt 0:03:37]} 18. Rfc1 {[%emt 0:01:58]} Qxf3 {[%emt 0:02:17]} 19. Nxf3 {[%emt 0:00:18]} Nd5 {[%emt 0:00:05]} 20. Kf1 {[%emt 0:01:22]} Rfd8 {[%emt 0:01:09]} 21. g3 {[%emt 0:01:45]} Bf8 {[%emt 0:01:28]} 22. Ke2 {[%emt 0:00:49]} Nb4 {[%emt 0:00:44]} 23. Bc3 {[%emt 0:01:12]} Na2 {[%emt 0:00:48]} 24. Rc2 {[%emt 0:00:04]} Nxc3+ {[%emt 0:00:02]} 25. R4xc3 {[%emt 0:00:30]} b5 {[%emt 0:02:12]} 26. Nd4 {[%emt 0:01:07]} bxa4 {[%emt 0:00:35]} 27. bxa4 {[%emt 0:00:01]} Bb4 {[%emt 0:00:43]} 28. Rc4 {[%emt 0:00:01]} Rd7 {[%emt 0:00:26]} 29. Nc6 {[%emt 0:00:19]} Rb7 {[%emt 0:01:27]} 30. Rb2 {[%emt 0:00:22]} Kh7 {[%emt 0:01:24]} 31. Rh4+ {[%emt 0:01:00]} Kg8 {[%emt 0:00:02]} 32. Rc4 {[%emt 0:00:02]} Kh7 {[%emt 0:00:07]} 33. Kd3 {[%emt 0:00:18]} Rd7+ {[%emt 0:00:26]} 34. Ke4 {[%emt 0:00:01]} Ra6 {[%emt 0:00:41]} 35. Nxb4 {[%emt 0:00:08]} axb4 {[%emt 0:00:01]} 36. Rbxb4 {[%emt 0:00:02]} g5 {[%emt 0:00:29]} 37. Rb5 {[%emt 0:00:18]} Kg6 {[%emt 0:00:16]} 38. a5 {[%emt 0:00:01]} Rd5 {[%emt 0:00:17]} 39. Rcc5 {[%emt 0:00:09]} f5+ {[%emt 0:00:17]} 40. Kf3 {[%emt 0:00:03]} Rxc5 {[%emt 0:00:13]} 41. Rxc5 {[%emt 0:00:01]} Kf6 {[%emt 0:00:01]} 42. e4 {[%emt 0:00:56]} g6 {[%emt 0:00:07]} 43. Ke3 {[%emt 0:00:04]} Ke7 {[%emt 0:00:01]} 44. e5 {[%emt 0:00:03]} Kd7 {[%emt 0:00:08]} 45. Kd4 {[%emt 0:00:02]} g4 {[%emt 0:00:15]} 46. Kc4 {[%emt 0:00:19]} Ra8 {[%emt 0:00:16]} 47. Kd3 {[%emt 0:00:56]} Ra6 {[%emt 0:00:20]} 48. Ke3 {[%emt 0:00:07]} g5 {[%emt 0:00:04]} 49. f3 {[%emt 0:00:03]} gxf3 {[%emt 0:00:09]} 50. Kxf3 {[%emt 0:00:02]} Rc6 {[%emt 0:00:01]} 51. Rxc6 {[%emt 0:00:08]} Kxc6 {[%emt 0:00:01]} 52. h4 {[%emt 0:00:01]} gxh4 {[%emt 0:00:01]} 53. gxh4 {[%emt 0:00:01]} Kb5 {[%emt 0:00:00]} 54. h5 {[%emt 0:00:01]} 1-0

[Event "World Prestigious University 2019"]
[Site "Tianjin"]
[Date "2019.11.28"]
[Round "9.2"]
[White "Lei, Sean"]
[Black "Lu, Andrew H"]
[Result "1/2-1/2"]
[WhiteElo "1895"]
[BlackElo "2071"]
[PlyCount "68"]
[EventDate "2019.11.26"]
[EventType "team-tourn"]
[EventCountry "CHN"]
[TimeControl "1500+10"]
[WhiteClock "0:00:43"]
[BlackClock "0:00:48"]

1. d4 {[%emt 0:00:00]} Nf6 {[%emt 0:00:00]} 2. Nf3 {[%emt 0:00:00]} e6 {[%emt 0:00:00]} 3. Nbd2 {[%emt 0:00:00]} d5 {[%emt 0:00:09]} 4. e3 {[%emt 0:00:00]} Bd6 {[%emt 0:00:12]} 5. Bd3 {[%emt 0:00:01]} O-O {[%emt 0:00:05]} 6. b3 {[%emt 0:00:08]} b6 {[%emt 0:00:27]} 7. Bb2 {[%emt 0:00:01]} Ba6 {[%emt 0:00:13]} 8. O-O {[%emt 0:00:07]} Bxd3 {[%emt 0:00:03]} 9. cxd3 {[%emt 0:00:03]} c5 {[%emt 0:01:28]} 10. e4 {[%emt 0:01:48]} Be7 {[%emt 0:00:02]} 11. dxc5 {[%emt 0:01:48]} bxc5 {[%emt 0:02:09]} 12. Rc1 {[%emt 0:02:20]} Nbd7 {[%emt 0:02:06]} 13. exd5 {[%emt 0:00:49]} Nxd5 {[%emt 0:00:16]} 14. Nc4 {[%emt 0:01:37]} Rc8 {[%emt 0:02:13]} 15. d4 {[%emt 0:02:24]} Bf6 {[%emt 0:02:08]} 16. Nce5 {[%emt 0:06:22]} Bxe5 {[%emt 0:00:14]} 17. Nxe5 {[%emt 0:00:58]} Nxe5 {[%emt 0:00:41]} 18. dxe5 {[%emt 0:00:02]} Qa5 {[%emt 0:00:16]} 19. a4 {[%emt 0:02:07]} Rfd8 {[%emt 0:01:52]} 20. Ba3 {[%emt 0:02:02]} c4 {[%emt 0:03:23]} 21. bxc4 {[%emt 0:01:00]} Ne3 {[%emt 0:02:04]} 22. Qe1 {[%emt 0:00:16]} Qxe1 {[%emt 0:00:07]} 23. Rfxe1 {[%emt 0:00:04]} Nxc4 {[%emt 0:00:08]} 24. Be7 {[%emt 0:01:59]} Rd7 {[%emt 0:02:10]} 25. Bd6 {[%emt 0:02:11]} f6 {[%emt 0:01:40]} 26. f4 {[%emt 0:00:41]} Kf7 {[%emt 0:02:45]} 27. Bb4 {[%emt 0:00:11]} Rdc7 {[%emt 0:00:59]} 28. exf6 {[%emt 0:00:06]} gxf6 {[%emt 0:00:08]} 29. Re4 {[%emt 0:00:23]} a5 {[%emt 0:00:23]} 30. Be1 {[%emt 0:00:05]} Rc6 {[%emt 0:00:33]} 31. Re2 {[%emt 0:00:09]} h5 {[%emt 0:00:37]} 32. g3 {[%emt 0:00:02]} Nb6 {[%emt 0:00:24]} 33. Rxc6 {[%emt 0:00:05]} Rxc6 {[%emt 0:00:01]} 34. Bxa5 {[%emt 0:00:03]} Nxa4 {[%emt 0:00:01]} 1/2-1/2

[Event "World Prestigious University 2019"]
[Site "Tianjin"]
[Date "2019.11.28"]
[Round "9.3"]
[White "Papanek, Ella"]
[Black "Zhou, Qiyu"]
[Result "0-1"]
[WhiteElo "1777"]
[BlackElo "2216"]
[PlyCount "93"]
[EventDate "2019.11.26"]
[EventType "team-tourn"]
[EventCountry "CHN"]
[TimeControl "1500+10"]
[WhiteClock "0:00:35"]
[BlackClock "0:00:21"]

1. d4 {[%emt 0:00:00]} Nf6 {[%emt 0:00:00]} 2. c4 {[%emt 0:00:00]} e6 {[%emt 0:00:00]} 3. Nc3 {[%emt 0:00:00]} Bb4 {[%emt 0:00:00]} 4. f3 {[%emt 0:00:00]} d5 {[%emt 0:00:00]} 5. cxd5 {[%emt 0:00:07]} exd5 {[%emt 0:00:00]} 6. Bg5 {[%emt 0:01:04]} O-O {[%emt 0:00:05]} 7. e3 {[%emt 0:00:29]} h6 {[%emt 0:00:03]} 8. Bh4 {[%emt 0:00:24]} c5 {[%emt 0:00:06]} 9. a3 {[%emt 0:02:03]} Bxc3+ {[%emt 0:01:15]} 10. bxc3 {[%emt 0:00:02]} Re8 {[%emt 0:00:01]} 11. Qd2 {[%emt 0:00:41]} c4 {[%emt 0:00:49]} 12. Ne2 {[%emt 0:00:46]} Qe7 {[%emt 0:00:46]} 13. Bf2 {[%emt 0:00:18]} Nc6 {[%emt 0:00:02]} 14. Nc1 {[%emt 0:01:34]} Bf5 {[%emt 0:00:23]} 15. Be2 {[%emt 0:00:37]} Na5 {[%emt 0:00:36]} 16. Bd1 {[%emt 0:01:12]} Rac8 {[%emt 0:00:20]} 17. O-O {[%emt 0:00:44]} Red8 {[%emt 0:04:59]} 18. Re1 {[%emt 0:00:55]} Rc6 {[%emt 0:01:22]} 19. Bg3 {[%emt 0:03:48]} Rdc8 {[%emt 0:00:52]} 20. Be5 {[%emt 0:01:20]} Nb3 {[%emt 0:02:48]} 21. Nxb3 {[%emt 0:02:30]} cxb3 {[%emt 0:00:02]} 22. Bxf6 {[%emt 0:01:10]} Qxf6 {[%emt 0:00:07]} 23. e4 {[%emt 0:01:38]} Be6 {[%emt 0:00:40]} 24. e5 {[%emt 0:00:55]} Qg6 {[%emt 0:02:31]} 25. Re3 {[%emt 0:00:58]} Rb6 {[%emt 0:02:02]} 26. Qb2 {[%emt 0:00:24]} Qg5 {[%emt 0:01:31]} 27. Kf2 {[%emt 0:02:03]} Qh4+ {[%emt 0:00:31]} 28. Kg1 {[%emt 0:00:01]} Qg5 {[%emt 0:02:19]} 29. Kf2 {[%emt 0:00:19]} Qh4+ {[%emt 0:03:06]} 30. Kg1 {[%emt 0:00:05]} Rbc6 {[%emt 0:02:25]} 31. g3 {[%emt 0:02:20]} Qg5 {[%emt 0:00:07]} 32. f4 {[%emt 0:00:04]} Qg6 {[%emt 0:00:10]} 33. Bxb3 {[%emt 0:00:07]} Rb6 {[%emt 0:00:01]} 34. Qa2 {[%emt 0:00:12]} a5 {[%emt 0:00:27]} 35. a4 {[%emt 0:00:25]} Rbc6 {[%emt 0:00:11]} 36. Rc1 {[%emt 0:00:08]} Rd8 {[%emt 0:00:03]} 37. Kg2 {[%emt 0:01:01]} Qg4 {[%emt 0:00:13]} 38. Bd1 {[%emt 0:00:16]} Qh3+ {[%emt 0:00:04]} 39. Kg1 {[%emt 0:00:02]} Bf5 {[%emt 0:00:03]} 40. Bf3 {[%emt 0:00:06]} Rb6 {[%emt 0:00:13]} 41. Bg2 {[%emt 0:00:35]} Qh5 {[%emt 0:00:08]} 42. Rce1 {[%emt 0:00:22]} Be6 {[%emt 0:00:20]} 43. Qc2 {[%emt 0:00:13]} Rc8 {[%emt 0:00:07]} 44. Rb1 {[%emt 0:00:06]} Bf5 {[%emt 0:00:03]} 45. Qxf5 {[%emt 0:00:15]} Qxf5 {[%emt 0:00:01]} 46. Rxb6 {[%emt 0:00:00]} Qc2 {[%emt 0:00:13]} 47. Bxd5 {[%emt 0:00:20]} 0-1

[Event "World Prestigious University 2019"]
[Site "Tianjin"]
[Date "2019.11.28"]
[Round "9.4"]
[White "Weichao, Chu"]
[Black "Theodorou, Nikolas"]
[Result "1/2-1/2"]
[WhiteElo "2423"]
[BlackElo "2555"]
[PlyCount "122"]
[EventDate "2019.11.26"]
[EventType "team-tourn"]
[EventCountry "CHN"]
[TimeControl "1500+10"]
[WhiteClock "0:01:10"]
[BlackClock "0:01:47"]

1. d4 {[%emt 0:00:00]} Nf6 {[%emt 0:00:00]} 2. c4 {[%emt 0:00:00]} g6 {[%emt 0:00:00]} 3. Nc3 {[%emt 0:00:00]} Bg7 {[%emt 0:00:00]} 4. e4 {[%emt 0:00:02]} d6 {[%emt 0:00:00]} 5. Nf3 {[%emt 0:00:05]} O-O {[%emt 0:00:00]} 6. Be2 {[%emt 0:00:02]} e5 {[%emt 0:00:00]} 7. O-O {[%emt 0:00:04]} Na6 {[%emt 0:00:06]} 8. Be3 {[%emt 0:00:08]} Qe7 {[%emt 0:00:45]} 9. dxe5 {[%emt 0:01:25]} dxe5 {[%emt 0:00:02]} 10. Nd5 {[%emt 0:00:01]} Qd8 {[%emt 0:00:02]} 11. Qc2 {[%emt 0:01:44]} Ng4 {[%emt 0:00:31]} 12. Bg5 {[%emt 0:00:20]} f6 {[%emt 0:00:02]} 13. Bd2 {[%emt 0:01:52]} c6 {[%emt 0:00:02]} 14. Nc3 {[%emt 0:00:01]} Nc5 {[%emt 0:00:55]} 15. h3 {[%emt 0:00:08]} Nh6 {[%emt 0:00:02]} 16. Na4 {[%emt 0:00:01]} Nxa4 {[%emt 0:03:07]} 17. Qxa4 {[%emt 0:00:02]} Qe7 {[%emt 0:00:04]} 18. c5 {[%emt 0:02:44]} Be6 {[%emt 0:00:22]} 19. Bc4 {[%emt 0:00:03]} Nf7 {[%emt 0:00:46]} 20. Rfd1 {[%emt 0:01:55]} Rfe8 {[%emt 0:00:25]} 21. Be3 {[%emt 0:02:25]} Bf8 {[%emt 0:00:59]} 22. Nd2 {[%emt 0:01:18]} f5 {[%emt 0:02:57]} 23. Bxe6 {[%emt 0:01:01]} Qxe6 {[%emt 0:00:03]} 24. f3 {[%emt 0:00:04]} Rad8 {[%emt 0:00:28]} 25. Qb3 {[%emt 0:00:49]} Qxb3 {[%emt 0:04:07]} 26. Nxb3 {[%emt 0:00:03]} fxe4 {[%emt 0:01:31]} 27. fxe4 {[%emt 0:00:05]} Bh6 {[%emt 0:04:29]} 28. Bxh6 {[%emt 0:01:39]} Nxh6 {[%emt 0:00:03]} 29. Na5 {[%emt 0:00:01]} Rd4 {[%emt 0:00:01]} 30. Nxb7 {[%emt 0:02:17]} Rb8 {[%emt 0:00:16]} 31. Rxd4 {[%emt 0:05:29]} exd4 {[%emt 0:00:02]} 32. Na5 {[%emt 0:00:01]} Rxb2 {[%emt 0:00:03]} 33. Nxc6 {[%emt 0:00:05]} d3 {[%emt 0:00:02]} 34. Rd1 {[%emt 0:00:23]} d2 {[%emt 0:01:01]} 35. Nd4 {[%emt 0:00:21]} Kf7 {[%emt 0:02:51]} 36. a3 {[%emt 0:00:03]} Ke8 {[%emt 0:01:07]} 37. Kf2 {[%emt 0:00:08]} Nf7 {[%emt 0:00:02]} 38. Ke2 {[%emt 0:00:30]} Ng5 {[%emt 0:00:02]} 39. Kd3 {[%emt 0:00:42]} Ra2 {[%emt 0:00:26]} 40. Nb5 {[%emt 0:00:01]} a6 {[%emt 0:00:36]} 41. Nd6+ {[%emt 0:00:04]} Kd7 {[%emt 0:00:21]} 42. Rxd2 {[%emt 0:00:02]} Rxa3+ {[%emt 0:02:16]} 43. Kd4 {[%emt 0:00:42]} Kc6 {[%emt 0:00:21]} 44. Ke5 {[%emt 0:00:16]} Rxh3 {[%emt 0:00:43]} 45. Kf6 {[%emt 0:01:53]} Rg3 {[%emt 0:00:02]} 46. e5 {[%emt 0:00:00]} Kxc5 {[%emt 0:00:01]} 47. e6 {[%emt 0:00:16]} Re3 {[%emt 0:00:01]} 48. e7 {[%emt 0:01:21]} h6 {[%emt 0:00:41]} 49. Kxg6 {[%emt 0:00:20]} Re6+ {[%emt 0:00:14]} 50. Kh5 {[%emt 0:00:05]} Rxe7 {[%emt 0:00:02]} 51. Kxh6 {[%emt 0:00:02]} Ne4 {[%emt 0:00:15]} 52. Nxe4+ {[%emt 0:00:02]} Rxe4 {[%emt 0:00:02]} 53. Kh5 {[%emt 0:00:03]} a5 {[%emt 0:00:03]} 54. g4 {[%emt 0:00:02]} a4 {[%emt 0:00:04]} 55. g5 {[%emt 0:00:02]} a3 {[%emt 0:00:14]} 56. g6 {[%emt 0:00:03]} Re7 {[%emt 0:00:12]} 57. Kh6 {[%emt 0:00:02]} Kb4 {[%emt 0:00:03]} 58. g7 {[%emt 0:00:02]} Rxg7 {[%emt 0:00:04]} 59. Kxg7 {[%emt 0:00:02]} Kb3 {[%emt 0:00:01]} 60. Rd3+ {[%emt 0:00:01]} Kb2 {[%emt 0:00:01]} 61. Rxa3 {[%emt 0:00:01]} Kxa3 {[%emt 0:00:02]} 1/2-1/2

[Event "World Prestigious University 2019"]
[Site "Tianjin"]
[Date "2019.11.28"]
[Round "9.5"]
[White "Chandra, Akshat"]
[Black "Wei, Siyu"]
[Result "1-0"]
[WhiteElo "2524"]
[BlackElo "2106"]
[PlyCount "101"]
[EventDate "2019.11.26"]
[EventType "team-tourn"]
[EventCountry "CHN"]
[TimeControl "1500+10"]
[WhiteClock "0:00:26"]
[BlackClock "0:03:32"]

1. d4 {[%emt 0:00:27]} d5 {[%emt 0:00:00]} 2. c4 {[%emt 0:00:11]} c6 {[%emt 0:00:08]} 3. cxd5 {[%emt 0:00:26]} cxd5 {[%emt 0:00:03]} 4. Bf4 {[%emt 0:00:02]} Nc6 {[%emt 0:00:25]} 5. e3 {[%emt 0:00:18]} Nf6 {[%emt 0:00:19]} 6. Nc3 {[%emt 0:00:02]} e6 {[%emt 0:00:23]} 7. Bd3 {[%emt 0:00:16]} Bd6 {[%emt 0:00:12]} 8. Bxd6 {[%emt 0:00:05]} Qxd6 {[%emt 0:00:03]} 9. f4 {[%emt 0:00:05]} O-O {[%emt 0:01:01]} 10. Nf3 {[%emt 0:00:02]} a6 {[%emt 0:03:21]} 11. O-O {[%emt 0:00:08]} b5 {[%emt 0:00:04]} 12. Ne5 {[%emt 0:00:49]} Bb7 {[%emt 0:00:20]} 13. Rc1 {[%emt 0:00:04]} Rac8 {[%emt 0:01:01]} 14. Qe1 {[%emt 0:00:59]} Ne7 {[%emt 0:00:54]} 15. Bb1 {[%emt 0:03:13]} Ne4 {[%emt 0:00:29]} 16. Nd3 {[%emt 0:00:12]} Nxc3 {[%emt 0:07:01]} 17. Rxc3 {[%emt 0:00:02]} Rxc3 {[%emt 0:00:03]} 18. Qxc3 {[%emt 0:00:03]} Rc8 {[%emt 0:01:20]} 19. Nc5 {[%emt 0:00:09]} Qb6 {[%emt 0:00:26]} 20. b4 {[%emt 0:00:28]} Rc7 {[%emt 0:01:55]} 21. g4 {[%emt 0:00:41]} Nc8 {[%emt 0:00:46]} 22. Qc2 {[%emt 0:04:08]} g6 {[%emt 0:00:08]} 23. f5 {[%emt 0:00:02]} exf5 {[%emt 0:00:13]} 24. gxf5 {[%emt 0:00:01]} Nd6 {[%emt 0:02:35]} 25. fxg6 {[%emt 0:03:09]} fxg6 {[%emt 0:01:50]} 26. Rf6 {[%emt 0:03:20]} Rf7 {[%emt 0:00:24]} 27. Qf2 {[%emt 0:00:25]} Qc7 {[%emt 0:03:19]} 28. Qf4 {[%emt 0:00:10]} Rxf6 {[%emt 0:00:13]} 29. Qxf6 {[%emt 0:00:02]} Bc8 {[%emt 0:00:11]} 30. Qe5 {[%emt 0:00:20]} Qc6 {[%emt 0:00:41]} 31. Bd3 {[%emt 0:03:02]} Nf7 {[%emt 0:00:03]} 32. Qe7 {[%emt 0:00:20]} Qd6 {[%emt 0:00:05]} 33. Qh4 {[%emt 0:02:38]} Qd8 {[%emt 0:00:06]} 34. Qg3 {[%emt 0:00:35]} Qd6 {[%emt 0:00:16]} 35. Bf1 {[%emt 0:00:09]} Qxg3+ {[%emt 0:00:18]} 36. hxg3 {[%emt 0:00:01]} Ng5 {[%emt 0:00:10]} 37. Bg2 {[%emt 0:00:03]} Ne4 {[%emt 0:00:02]} 38. Nxe4 {[%emt 0:00:48]} dxe4 {[%emt 0:00:02]} 39. Bxe4 {[%emt 0:00:02]} Kf7 {[%emt 0:00:02]} 40. Bd5+ {[%emt 0:00:17]} Ke7 {[%emt 0:00:19]} 41. e4 {[%emt 0:00:05]} Kd6 {[%emt 0:00:22]} 42. Kf2 {[%emt 0:00:04]} g5 {[%emt 0:00:10]} 43. Bf7 {[%emt 0:00:25]} Ke7 {[%emt 0:00:12]} 44. Bh5 {[%emt 0:00:14]} Kd6 {[%emt 0:00:09]} 45. Ke3 {[%emt 0:00:11]} Bh3 {[%emt 0:00:05]} 46. e5+ {[%emt 0:00:19]} Kd7 {[%emt 0:00:16]} 47. d5 {[%emt 0:00:14]} Bf1 {[%emt 0:00:03]} 48. a3 {[%emt 0:00:05]} Bc4 {[%emt 0:00:12]} 49. Bg4+ {[%emt 0:00:03]} Kc7 {[%emt 0:00:09]} 50. Kd4 {[%emt 0:00:02]} Ba2 {[%emt 0:00:05]} 51. Kc5 {[%emt 0:00:02]} 1-0

[Event "World Prestigious University 2019"]
[Site "Tianjin"]
[Date "2019.11.28"]
[Round "9.6"]
[White "Lu, Hongyi"]
[Black "Derakhshani, Dorsa"]
[Result "1-0"]
[WhiteElo "1862"]
[BlackElo "2277"]
[PlyCount "77"]
[EventDate "2019.11.26"]
[EventType "team-tourn"]
[EventCountry "CHN"]
[TimeControl "1500+10"]
[WhiteClock "0:00:11"]
[BlackClock "0:00:33"]

1. e4 {[%emt 0:00:00]} e5 {[%emt 0:00:00]} 2. Nf3 {[%emt 0:00:00]} Nc6 {[%emt 0:00:00]} 3. Bb5 {[%emt 0:00:00]} g6 {[%emt 0:00:15]} 4. O-O {[%emt 0:00:57]} Bg7 {[%emt 0:00:12]} 5. c3 {[%emt 0:00:11]} d6 {[%emt 0:00:21]} 6. h3 {[%emt 0:00:17]} a6 {[%emt 0:00:12]} 7. Ba4 {[%emt 0:00:13]} Nge7 {[%emt 0:00:47]} 8. d4 {[%emt 0:01:12]} O-O {[%emt 0:00:19]} 9. Re1 {[%emt 0:01:06]} h6 {[%emt 0:00:21]} 10. Be3 {[%emt 0:02:08]} Kh7 {[%emt 0:02:03]} 11. Nbd2 {[%emt 0:00:50]} f5 {[%emt 0:00:25]} 12. exf5 {[%emt 0:02:15]} gxf5 {[%emt 0:01:09]} 13. dxe5 {[%emt 0:00:26]} dxe5 {[%emt 0:00:43]} 14. Bc5 {[%emt 0:00:58]} e4 {[%emt 0:02:02]} 15. Bxc6 {[%emt 0:01:45]} bxc6 {[%emt 0:01:14]} 16. Nd4 {[%emt 0:01:54]} Rf6 {[%emt 0:00:53]} 17. Nf1 {[%emt 0:03:12]} Ng6 {[%emt 0:04:58]} 18. Ng3 {[%emt 0:00:40]} Ne5 {[%emt 0:02:02]} 19. Nh5 {[%emt 0:01:13]} Rf7 {[%emt 0:00:59]} 20. Nf4 {[%emt 0:00:42]} Qg5 {[%emt 0:00:31]} 21. g3 {[%emt 0:01:52]} Bd7 {[%emt 0:02:26]} 22. Kh1 {[%emt 0:01:33]} Re8 {[%emt 0:01:50]} 23. Qe2 {[%emt 0:01:41]} Ng6 {[%emt 0:00:36]} 24. Qe3 {[%emt 0:02:19]} Be5 {[%emt 0:00:52]} 25. Nde2 {[%emt 0:00:16]} h5 {[%emt 0:01:06]} 26. Nxg6 {[%emt 0:00:30]} Qxg6 {[%emt 0:00:04]} 27. Nf4 {[%emt 0:00:09]} Qg5 {[%emt 0:00:07]} 28. Rg1 {[%emt 0:00:09]} h4 {[%emt 0:00:09]} 29. Qe2 {[%emt 0:00:18]} hxg3 {[%emt 0:01:05]} 30. Rxg3 {[%emt 0:00:39]} Qh6 {[%emt 0:00:18]} 31. Be3 {[%emt 0:00:03]} c5 {[%emt 0:01:51]} 32. Rag1 {[%emt 0:00:10]} Bb5 {[%emt 0:00:06]} 33. c4 {[%emt 0:00:25]} Bc6 {[%emt 0:00:08]} 34. b3 {[%emt 0:00:03]} Bd4 {[%emt 0:00:19]} 35. Rg6 {[%emt 0:00:13]} Qh4 {[%emt 0:00:06]} 36. Rxc6 {[%emt 0:00:13]} Rg8 {[%emt 0:00:15]} 37. Rxg8 {[%emt 0:00:16]} Kxg8 {[%emt 0:00:02]} 38. Qh5 {[%emt 0:00:06]} Qxh5 {[%emt 0:00:23]} 39. Nxh5 {[%emt 0:00:03]} 1-0

[Event "World Prestigious University 2019"]
[Site "Tianjin"]
[Date "2019.11.28"]
[Round "9.7"]
[White "Kukhmazov, Arsen"]
[Black "Fernandez, Daniel Howard"]
[Result "1-0"]
[WhiteElo "2377"]
[BlackElo "2444"]
[PlyCount "77"]
[EventDate "2019.11.26"]
[EventType "team-tourn"]
[EventCountry "CHN"]
[TimeControl "1500+10"]
[WhiteClock "0:00:14"]
[BlackClock "0:21:35"]

1. d4 {[%emt 0:00:00]} Nf6 {[%emt 0:00:00]} 2. c4 {[%emt 0:00:00]} g6 {[%emt 0:00:00]} 3. g3 {[%emt 0:00:00]} Bg7 {[%emt 0:00:06]} 4. Bg2 {[%emt 0:00:00]} O-O {[%emt 0:01:14]} 5. Nc3 {[%emt 0:00:00]} d6 {[%emt 0:00:47]} 6. Nf3 {[%emt 0:00:00]} Nbd7 {[%emt 0:01:49]} 7. O-O {[%emt 0:00:00]} e5 {[%emt 0:00:08]} 8. h3 {[%emt 0:00:00]} c6 {[%emt 0:00:39]} 9. e4 {[%emt 0:00:00]} Nh5 {[%emt 0:01:19]} 10. Re1 {[%emt 0:00:58]} Qe8 {[%emt 0:01:39]} 11. dxe5 {[%emt 0:03:42]} dxe5 {[%emt 0:00:21]} 12. b3 {[%emt 0:00:02]} Nc5 {[%emt 0:00:41]} 13. Ba3 {[%emt 0:00:07]} Qe7 {[%emt 0:01:57]} 14. Na4 {[%emt 0:00:06]} b6 {[%emt 0:00:23]} 15. Nxc5 {[%emt 0:00:56]} bxc5 {[%emt 0:00:02]} 16. Qd2 {[%emt 0:00:06]} Rd8 {[%emt 0:02:26]} 17. Qa5 {[%emt 0:00:01]} Be6 {[%emt 0:01:47]} 18. Bxc5 {[%emt 0:00:15]} Qd7 {[%emt 0:00:15]} 19. Ng5 {[%emt 0:00:18]} Nf6 {[%emt 0:01:06]} 20. Nxe6 {[%emt 0:00:13]} Qxe6 {[%emt 0:00:16]} 21. Rad1 {[%emt 0:00:02]} Rd7 {[%emt 0:02:13]} 22. h4 {[%emt 0:00:04]} Bf8 {[%emt 0:01:59]} 23. Rxd7 {[%emt 0:00:36]} Nxd7 {[%emt 0:01:16]} 24. Be3 {[%emt 0:00:02]} Qd6 {[%emt 0:01:13]} 25. Bf3 {[%emt 0:00:19]} c5 {[%emt 0:01:41]} 26. Rd1 {[%emt 0:00:21]} Qc6 {[%emt 0:00:24]} 27. Qb5 {[%emt 0:00:35]} Qxb5 {[%emt 0:00:28]} 28. cxb5 {[%emt 0:00:01]} Nf6 {[%emt 0:00:38]} 29. g4 {[%emt 0:00:10]} Rb8 {[%emt 0:01:20]} 30. a4 {[%emt 0:00:07]} Be7 {[%emt 0:00:32]} 31. g5 {[%emt 0:00:04]} Ne8 {[%emt 0:01:02]} 32. Rd7 {[%emt 0:00:01]} Bd6 {[%emt 0:00:22]} 33. Rxa7 {[%emt 0:00:05]} Nc7 {[%emt 0:00:04]} 34. Bg4 {[%emt 0:00:14]} Rd8 {[%emt 0:00:15]} 35. b6 {[%emt 0:00:08]} Ne8 {[%emt 0:00:15]} 36. a5 {[%emt 0:00:03]} Bb8 {[%emt 0:00:10]} 37. Ra8 {[%emt 0:00:13]} Nd6 {[%emt 0:00:06]} 38. a6 {[%emt 0:00:02]} Nxe4 {[%emt 0:00:13]} 39. a7 {[%emt 0:00:04]} 1-0

[Event "World Prestigious University 2019"]
[Site "Tianjin"]
[Date "2019.11.28"]
[Round "9.8"]
[White "Behar, Joshua"]
[Black "Tarasov, Alexandr"]
[Result "0-1"]
[WhiteElo "1974"]
[BlackElo "2348"]
[PlyCount "60"]
[EventDate "2019.11.26"]
[EventType "team-tourn"]
[EventCountry "CHN"]
[TimeControl "1500+10"]
[WhiteClock "0:00:47"]
[BlackClock "0:08:16"]

1. e4 {[%emt 0:00:00]} c6 {[%emt 0:00:00]} 2. Nf3 {[%emt 0:00:00]} d5 {[%emt 0:00:00]} 3. e5 {[%emt 0:00:01]} c5 {[%emt 0:00:56]} 4. c3 {[%emt 0:00:06]} Nc6 {[%emt 0:00:16]} 5. d4 {[%emt 0:00:02]} cxd4 {[%emt 0:01:01]} 6. cxd4 {[%emt 0:00:07]} Bg4 {[%emt 0:01:01]} 7. Be3 {[%emt 0:02:30]} Qb6 {[%emt 0:01:27]} 8. Nbd2 {[%emt 0:00:41]} e6 {[%emt 0:00:36]} 9. Be2 {[%emt 0:01:31]} Nge7 {[%emt 0:02:11]} 10. O-O {[%emt 0:01:00]} Nf5 {[%emt 0:00:24]} 11. h3 {[%emt 0:00:08]} Bh5 {[%emt 0:02:48]} 12. Rc1 {[%emt 0:03:39]} Be7 {[%emt 0:02:18]} 13. Nb3 {[%emt 0:01:13]} O-O {[%emt 0:02:46]} 14. Nc5 {[%emt 0:01:42]} Nxe3 {[%emt 0:01:44]} 15. fxe3 {[%emt 0:00:05]} Bxc5 {[%emt 0:00:08]} 16. Rxc5 {[%emt 0:00:32]} Qxb2 {[%emt 0:00:26]} 17. Rb5 {[%emt 0:00:31]} Qa3 {[%emt 0:00:35]} 18. Bd3 {[%emt 0:00:57]} Bxf3 {[%emt 0:03:02]} 19. Rxf3 {[%emt 0:00:12]} Rac8 {[%emt 0:00:54]} 20. Rg3 {[%emt 0:01:52]} g6 {[%emt 0:01:11]} 21. Rb3 {[%emt 0:00:43]} Qxa2 {[%emt 0:02:23]} 22. h4 {[%emt 0:01:30]} Na5 {[%emt 0:01:19]} 23. Rb1 {[%emt 0:00:15]} Rc7 {[%emt 0:00:33]} 24. h5 {[%emt 0:00:18]} Rfc8 {[%emt 0:00:33]} 25. Qf1 {[%emt 0:01:31]} Qxb1 {[%emt 0:00:15]} 26. Bxb1 {[%emt 0:00:07]} Rc1 {[%emt 0:00:01]} 27. Rf3 {[%emt 0:00:01]} Rxf1+ {[%emt 0:00:02]} 28. Rxf1 {[%emt 0:00:01]} gxh5 {[%emt 0:00:15]} 29. Kh2 {[%emt 0:00:10]} Nc4 {[%emt 0:00:07]} 30. Rf3 {[%emt 0:00:19]} Nd2 {[%emt 0:00:01]} 0-1